Rappers by 3 Albums Quiz - Statistics

General Stats
  • This quiz has been taken 1,142 times
    1,047 since last reset
  • The average score is 19 of 25
Answer Stats
Albums Rapper % Correct
Rodeo, Astroworld, Birds in the Trap Sing McKnight Travis Scott
98%
To Pimp A Butterfly, Good Kid, M.A.A.D City, DAMN. Kendrick Lamar
96%
The College Dropout, Late Registration, Graduation Kanye West
95%
The Blueprint, Watch The Throne, 4:44 Jay Z
92%
More Life, Take Care, Scorpion Drake
89%
Tha Carter, Tha Carter II, Tha Carter III Lil Wayne
89%
2014 Forest Hills Drive, KOD, 4 Your Eyez Only J. Cole
88%
17, ?, Skins XXXTentacion
86%
The Massacre, Get Rich Or Die Tryin', Curtis 50 Cent
84%
The Chronic, 2001, Compton Dr. Dre
84%
Ego Trippin', Bush, Doggystyle Snoop Dogg
84%
Luv is Rage, Eternal Awake, Pink Tape Lil Uzi Vert
82%
Illmatic, It Was Written, Life Is Good Nas
80%
Recovery, Relapse, Revival Eminem
78%
Man on the Moon: The End of Day, Man on the Moon II: The Legend of Mr. Rager, Man on the Moon III: The Chosen Kid Cudi
78%
Slaughter King, Issa Album, i am > i was, 21 Savage
73%
Culture, Culture II, Culture III Migos
68%
1999, 2000, All-Amerikkkan Bada$$ Joey Bada$$
67%
Aquemini, Stankonia, ATLiens Outkast
64%
GO:OD AM, Swimming, Watching Movies with the Sound Off Mac Miller
62%
Hollywood's Bleeding, Beerbongs & Bentleys, Stoney Post Malone
62%
Camp, Because the Internet, "Awaken, My Love!" Childish Gambino
51%
Dreams and Nightmares, Championships, Wins & Losses Meek Mill
45%
Under Pressure, Everybody, YSIV Logic
30%
It's Dark and Hell Is Hot, Grand Champ, Undisputed DMX
28%
No matching quizzes found
Score Distribution
Percent of People with Each Score
Percentile by Number Answered
Your Score History
You have not taken this quiz since the last reset